Statistiques concernant Culture Générale - Série 396

Cliquez ici pour prendre le quiz!

Statistiques générales

  • Ce quiz a été pris 349 fois
  • Le résultat moyen est 8 sur 10

Statistiques - réponses

QuestionRéponse% Correct
Quel mot anglais signifiant "vert" désigne la partie gazonnée autour des trous d'un golf ?Green
99%
Combien de bras, également appelés branches, une étoile de mer possède-t-elle habituellement ?Cinq
98%
Quel mot désigne à la fois un fruit, un projectile explosif et une ville espagnole ?Grenade
96%
Quelle couleur est associée au mot carte pour désigner le certificat d'immatriculation d'un véhicule automobile ?Grise
95%
Complétez le proverbe suivant : "Pierre qui roule n'amasse pas...Mousse
94%
Quel jour du mois de juin 1944 a eu lieu le débarquement allié sur les plages normandes ?Le 6
93%
De quel animal le Sphinx de Gizeh en Egypte a-t-il le corps ?Le lion
92%
Dans le film "Hôtel du nord", quelle actrice lance à Louis Jouvet : "Atmosphère, atmosphère, est-ce que j'ai une gueule d'atmosphère !?" ?Arletty
52%
Dans les années 70, quel humoriste mordillait le lobe de Sophie Daumier dans le sketch "La Drague" ?Guy Bedos
46%
Aux Antilles, quel mot de 4 lettres désigne un créole descendant d'immigrés blancs ?Un béké
22%

Distribution des résultats

Percentile par nombre de réponses

% des personnes avec chaque résultat

Votre développement - résultats

Vous n’avez pas pris ce quiz